000 00469nam a2200181Ia 4500
005 20250326125527.0
008 250326s9999 xx 000 0 und d
037 _aTextbook
040 _aFMSL
_beng
_cFMSL
041 _aeng
_2eng
084 _aL:14 L5
_qFMSL
100 _aReschke E M
_9739226
245 0 _aMedical office
_cReschke E M
260 _aNY
_bNY, Harper & Row
_c1975
300 _a130p
942 _cTB
_hL:14 L5
999 _c1278436
_d1278436